Catalog

Record Details

Catalog Search



Slouching towards Utopia : an economic history of ... Read More

Available copies

  • 1 of 1 copy available at LARL/NWRL Consortium.
  • 1 of 1 copy available at Lake Agassiz Regional Library. (Show preferred library)

Current holds

0 current holds with 1 total copy.

Show Only Available Copies
Location Call Number / Copy Notes Barcode Shelving Location Status Due Date
Moorhead Public Library 330.904 DEL (Text) 33500013815105 Main Available -

Record details

  • ISBN: 9780465019595
  • ISBN: 0465019595
  • Physical Description: viii, 605 pages ; 24 cm
  • Edition: First edition.
  • Publisher: New York : Basic Books, 2022.

Content descriptions

Bibliography, etc. Note:
Includes bibliographical references (pages ... Read More
Formatted Contents Note:
Introduction : My grand narrative -- Globalizing ... Read More
Summary, etc.:
Before 1870, humanity lived in dire poverty, with ... Read More
Subject: Economic history > 20th century.
Equality.
Technological innovations.
LDR 03754cam a2200553 i 4500
001413689
003LARL_NWRL_CONSORTIUM
00520230525161005.0
008220617t20222022nyu b 001 0 eng d
010 . ‡a 2022936817
040 . ‡aYDX ‡beng ‡erda ‡cYDX ‡dWIM ‡dY$5 ‡dCLE ‡dTOH ‡dJED ‡dGK8 ‡dJCX ‡dOJ4 ‡dOCLCA ‡dOQX ‡dJQF ‡dIBI ‡dIMT ‡dCPL ‡dHF9 ‡dAJB ‡dQJK ‡dOCLCF ‡dFHP ‡dB6U ‡dMUU ‡dIUK ‡dUND ‡dKMS
019 . ‡a1343157928 ‡a1343930689
020 . ‡a9780465019595 ‡q(hardcover)
020 . ‡a0465019595 ‡q(hardcover)
035 . ‡a(OCoLC)1330407629 ‡z(OCoLC)1343157928 ‡z(OCoLC)1343930689
08204. ‡a330.904 ‡223
1001 . ‡aDeLong, J. Bradford, ‡d1960- ‡eauthor.
24510. ‡aSlouching towards Utopia : ‡ban economic history of the twentieth century / ‡cJ. Bradford DeLong.
250 . ‡aFirst edition.
264 1. ‡aNew York : ‡bBasic Books, ‡c2022.
264 4. ‡c©2022
300 . ‡aviii, 605 pages ; ‡c24 cm
336 . ‡atext ‡btxt ‡2rdacontent
337 . ‡aunmediated ‡bn ‡2rdamedia
338 . ‡avolume ‡bnc ‡2rdacarrier
504 . ‡aIncludes bibliographical references (pages 539-578) and index.
5050 . ‡aIntroduction : My grand narrative -- Globalizing the world -- Revving up the engine of technology-driven growth -- Democratizing the global north -- Global empires -- World War I -- Roaring twenties -- The Great Depression -- Really-existing socialism -- Fascism and Nazism -- World War II -- The Cold War of hostile yet coexisting systems -- False (and true) starts to economic development in the global south -- Inclusion -- Thirty glorious years of social democracy -- The neoliberal turn -- Reglobalization, information technology, and hyperglobalization -- Great Recession and anemic recovery -- Conclusion : Are we still slouching towards Utopia?.
520 . ‡aBefore 1870, humanity lived in dire poverty, with a slow crawl of invention offset by a growing population. Then came a great shift: invention sprinted forward, doubling our technological capabilities each generation and utterly transforming the economy again and again. Our ancestors would have presumed we would have used such powers to build utopia. But it was not so. When 1870-2010 ended, the world instead saw global warming; economic depression, uncertainty, and inequality; and broad rejection of the status quo. In this book, an economist tells the story of how this unprecedented explosion of material wealth occurred, how it transformed the globe, and why it failed to deliver us to utopia. Of remarkable breadth and ambition, this book reveals the last century to have been less a march of progress than a slouch in the right direction. -- ‡cProvided by publisher.
650 0. ‡aEconomic history ‡y20th century.
650 0. ‡aEquality. ‡0(LARL_NWRL_CONSORTIUM)19552
650 0. ‡aTechnological innovations. ‡0(LARL_NWRL_CONSORTIUM)32475
77608. ‡iOnline version: ‡aDeLong, J. Bradford, 1960- ‡tSlouching towards Utopia. ‡bFirst edition. ‡dNew York, NY : Basic Books, 2022 ‡z9780465023363 ‡w(OCoLC)1343897512
905 . ‡uvanderl
901 . ‡a413689 ‡b ‡c413689 ‡tbiblio ‡soclc

Additional Resources